<?xml version="1.0" encoding="UTF-8"?><?xml-stylesheet type="text/xsl" href="static/style.xsl"?><OAI-PMH xmlns="http://www.openarchives.org/OAI/2.0/" xmlns:xsi="http://www.w3.org/2001/XMLSchema-instance" xsi:schemaLocation="http://www.openarchives.org/OAI/2.0/ http://www.openarchives.org/OAI/2.0/OAI-PMH.xsd"><responseDate>2026-04-17T17:23:52Z</responseDate><request verb="GetRecord" identifier="oai:www.recercat.cat:10230/57499" metadataPrefix="marc">https://recercat.cat/oai/request</request><GetRecord><record><header><identifier>oai:recercat.cat:10230/57499</identifier><datestamp>2025-12-24T08:32:05Z</datestamp><setSpec>com_2072_6</setSpec><setSpec>col_2072_452952</setSpec></header><metadata><record xmlns="http://www.loc.gov/MARC21/slim" xmlns:dcterms="http://purl.org/dc/terms/" xmlns:xsi="http://www.w3.org/2001/XMLSchema-instance" xmlns:doc="http://www.lyncode.com/xoai" xsi:schemaLocation="http://www.loc.gov/MARC21/slim http://www.loc.gov/standards/marcxml/schema/MARC21slim.xsd">
   <leader>00925njm 22002777a 4500</leader>
   <datafield ind2=" " ind1=" " tag="042">
      <subfield code="a">dc</subfield>
   </datafield>
   <datafield ind2=" " ind1=" " tag="720">
      <subfield code="a">Díaz Noci, Javier</subfield>
      <subfield code="e">author</subfield>
   </datafield>
   <datafield ind2=" " ind1=" " tag="260">
      <subfield code="c">2023-07-07T06:55:36Z</subfield>
   </datafield>
   <datafield ind2=" " ind1=" " tag="260">
      <subfield code="c">2023-07-07T06:55:36Z</subfield>
   </datafield>
   <datafield ind2=" " ind1=" " tag="260">
      <subfield code="c">2023</subfield>
   </datafield>
   <datafield ind2=" " ind1=" " tag="520">
      <subfield code="a">La aplicación de inteligencia artificial a las noticias es una tecnología disruptiva. Analizamos algunas tendencias sobre cómo aplicar el derecho de autor a las obras creadas con la ayuda de la IA, desde el derecho comparado y la metodología funcionalista. Nos centramos en el concepto de autoría y la atribución de derechos patrimoniales. Primero, examinamos el planteamiento de la Unión Europea (y la excepción irlandesa), que insiste en la autoría personal. Segundo, examinamos el Common Law, que admite que algunos resultados podrían ser creativos, pero sin autor. Tercero, examinamos el enfoque híbrido chino que combina la propiedad y la autoría. Las conclusiones se basan en la transferencia de la autoría y en el peso creciente de las empresas (y de los gigantes tecnológicos tras los sistemas de IA). La principal conclusión es la perjudicial pérdida de importancia de los periodistas en este nuevo panorama mediático.</subfield>
   </datafield>
   <datafield ind2=" " ind1=" " tag="520">
      <subfield code="a">Este texto es uno de los resultados del proyecto de investigación TED2021-130810B-C22, Plan Estatal de Investigación Científica y Técnica y de Innovación 2021-2023, Subprograma Estatal de Generación de Conocimiento, Programa NextGenerationEU.</subfield>
   </datafield>
   <datafield tag="653" ind2=" " ind1=" ">
      <subfield code="a">inteligencia artificial</subfield>
   </datafield>
   <datafield tag="653" ind2=" " ind1=" ">
      <subfield code="a">propiedad intelectual</subfield>
   </datafield>
   <datafield tag="653" ind2=" " ind1=" ">
      <subfield code="a">derechos de autor</subfield>
   </datafield>
   <datafield tag="653" ind2=" " ind1=" ">
      <subfield code="a">medios</subfield>
   </datafield>
   <datafield tag="653" ind2=" " ind1=" ">
      <subfield code="a">periodistas</subfield>
   </datafield>
   <datafield ind2="0" ind1="0" tag="245">
      <subfield code="a">Inteligencia artificial, noticias y medios de comunicación: una aproximación jurídica desde la perspectiva de la propiedad intelectual al concepto y atribución de autoría</subfield>
   </datafield>
</record></metadata></record></GetRecord></OAI-PMH>